BIBLIOTECA de autores españoles desde la formación del lenguaje hasta nuestros días : Escritores en prosa anteriores al siglo XV /

Calila é Dymma.-Castigos é documentos del Rey Don Sancho.-Obras de Don Juan Manuel.-El libro de los enxemplos.-Libro de lo Gatos.-Libro de las consolaciones de la vida humana.-Glosario de palabras anticuadas

Guardado en:
Otros Autores: Gayangos, Pascual de (compilación.)
Formato: Libro
Idioma:Spanish
Publicado: Madrid : Atlas, 1944.
Materias:
Etiquetas: Agregar Etiqueta
Sin Etiquetas, Sea el primero en etiquetar este registro!
LEADER 00895nam a22002055a 4500
001 EUN.um045950
003 AR-BaUNS
005 20050623122915.0
008 041125s1944####sp############000#0#spa#d
245 0 0 |a BIBLIOTECA de autores españoles desde la formación del lenguaje hasta nuestros días :  |b Escritores en prosa anteriores al siglo XV /  |c Pascual de Gayangos. 
260 |a Madrid :  |b Atlas,  |c 1944. 
300 |a 140 v. 
520 |a Calila é Dymma.-Castigos é documentos del Rey Don Sancho.-Obras de Don Juan Manuel.-El libro de los enxemplos.-Libro de lo Gatos.-Libro de las consolaciones de la vida humana.-Glosario de palabras anticuadas 
700 1 |a Gayangos, Pascual de  |e compilación. 
082 0 4 |a 860 
082 0 4 |a 863.1 
082 0 4 |a 863.2 
653 |a Biblioteca de autores espaÑoles 
653 |a Literatura espaÑola 
859 |a Ar-BaUNS  |b BIB. CENTRAL - Sector C  |h 860  |i B472  |p 2912/961  |v v.51